00335 a2200109 4500001001000000005001700010008004100027245004100068100003400109773006500143999001700208ART_1293220260410161910.0260409a 10aEl control simplificado de standars.1 aRodríguez Jauregui, Hugo A.0 tCostos y gestióng- Año 15, Nº 57 (sep. 2005)wREV12786 c26682d26682